Gitchee Gitchee Goo - Phineas and Ferb Lyrics - Statistics

General Stats
  • This quiz has been taken 73 times
  • The average score is 23 of 30
Answer Stats
Lyric % Correct
Baby baby baby....
98%
Ferb: {Beba} {beba} {beba} {beba}
98%
That's when my {baby} says
98%
That's when my {baby} says
98%
Never gonna {stop}
94%
Never gonna {stop}
94%
And my {heart} starts {pumpin'}
91%
Bow chicka {bow} {wow}
91%
Bow chicka {bow} {wow}
91%
Mow mow mow and my {heart} starts {pumpin'}
91%
{Mow} {mow} {mow}
86%
(Here's what I'm {talking} 'bout} (Repeat chorus)
82%
My baby's got her own way of {talking}
82%
{Gitchee} {gitchee} {goo} means that {I} {love} {you}
80%
{Gitchee} {gitchee} {goo} means that {I} {love} {you}
80%
{Gitchee} {gitchee} {goo} means that {I} {love} {you}
80%
Chicka chicka {choo} whop
77%
Well, I don't know what to {do}
74%
'Cause when I say {I} {love} {you}
72%
Whenever she says something {sweet}
66%
She says I gitchee gitchee {goo} {you} {too}
63%
Sometimes I wish she'd give it to me {straight}
63%
Chicka chicka choo {whop}
62%
(Don't need a {dictionary})
58%
Though my {vocabulary}'s {incomplete}
57%
But I think I'm getting {through}
55%
I know it may sound {confusing}
54%
And she knows it's my {world} she's a {rockin'}
52%
But I never feel like I'm {losing}
52%
When I take the {time} to {translate}
48%
No matching quizzes found
Score Distribution
Percent of People with Each Score
Percentile by Number Answered
Your Score History
You have not taken this quiz